Music Quiz

Random Music Quiz

'Saints of Los Angeles' Lyrics Quiz Stats

 Plays Quiz not verified by Sporcle

Score 0/249 Timer 10:00
0 Plays Today
% Correct
Tonight
100%
There's
100%
gonna
100%
be
100%
a
100%
fight
100%
you
100%
to
100%
a
100%
go
100%
a
100%
A
100%
and
100%
a
100%
And
100%
the
100%
everybody
100%
to
100%
the
100%
of
100%
the
100%
You
100%
want
100%
it
100%
it
100%
We
100%
it
100%
you
100%
it
100%
The
100%
a
100%
of
100%
you
100%
You
100%
a
100%
we're
100%
down
100%
in
100%
We
100%
are
100%
we
100%
are
100%
the
100%
saints
100%
We
100%
our
100%
life
100%
away
100%
Doesn't
100%
matter
100%
what
100%
you
100%
We're
100%
gonna
100%
do
100%
it
100%
anyway
100%
We
100%
are
100%
we
100%
are
100%
the
100%
saints
100%
One
100%
day
100%
you
100%
will
100%
confess
100%
And
100%
pray
100%
to
100%
the
100%
saints
100%
of
100%
Los
100%
Angeles
100%
a
100%
on
100%
the
100%
in
100%
the
100%
gonna
100%
She's
100%
% Correct
She's
100%
down
100%
on
100%
luck
100%
You
100%
want
100%
it
100%
you
100%
it
100%
The
100%
gonna
100%
it
100%
you
100%
say
100%
You
100%
a
100%
we're
100%
down
100%
in
100%
We
100%
are
100%
we
100%
are
100%
the
100%
saints
100%
We
100%
our
100%
life
100%
away
100%
Doesn't
100%
matter
100%
what
100%
you
100%
We're
100%
gonna
100%
do
100%
it
100%
anyway
100%
We
100%
are
100%
we
100%
are
100%
the
100%
saints
100%
One
100%
day
100%
you
100%
will
100%
confess
100%
And
100%
the
100%
to
100%
pray
100%
saints
100%
of
100%
Los
100%
Angeles
100%
it
100%
it
100%
it
100%
it
100%
it
100%
it
100%
it
100%
it
100%
it
100%
it
100%
So
80%
need
80%
if
80%
don't
80%
show
80%
So
80%
come
80%
right
80%
if
80%
need
80%
mine
80%
If
80%
think
80%
it's
80%
Just
80%
until
80%
% Correct
going
80%
flames
80%
think
80%
mine
80%
out
80%
naked
80%
back
80%
score
80%
up
80%
her
80%
need
80%
Don't
80%
it's
80%
don't
80%
Just
80%
until
80%
going
80%
flames
80%
think
80%
Give
80%
up
80%
give
80%
up
80%
Give
80%
up
80%
give
80%
up
80%
Give
80%
up
80%
give
80%
up
80%
Give
80%
up
80%
give
80%
up
80%
Give
80%
up
80%
give
80%
up
80%
place
60%
Got
60%
cops
60%
Welcome
60%
scene
60%
crime
60%
got
60%
devil
60%
is
60%
friend
60%
crazy
60%
thing
60%
wait
60%
signed
60%
land
60%
passed
60%
Everybody's
60%
all
60%
crazy
60%
know
60%
thing
60%
wait
60%
signed
60%
two
40%
gun
40%
never
40%
ain't
40%
seen
40%
trippin'
40%
Sippin'
40%
at
40%
Girl's
40%
lounge
40%
mattress
20%
Cause
20%
sins
20%
Troubadour
20%
devil's
20%
feed
20%
room
0%
slum
0%
Believe
0%
Reline
0%
jacked
0%

You're not logged in!

Compare scores with friends on all Sporcle quizzes.
OR
Log In

Sporcle TV

Today on Sporcle TV


Watch our educational content, quiz creation guides, and fun videos on Sporcle TV.

Show Comments

Extras

Created Sep 17, 2019ReportNominate
Tags:aint, angel, crue, Los Angeles, motley

Top Quizzes Today


Score Distribution

Your Account Isn't Verified!

In order to create a playlist on Sporcle, you need to verify the email address you used during registration. Go to your Sporcle Settings to finish the process.

Report this User

Report this user for behavior that violates our Community Guidelines.

Details: